000 00621nam0a22002291 4500
001 rc\86105
005 20250620174412.0
035 _a(NLR Aleph) 005354002
090 _a6827317
_c6827317
100 _a20021216d1996 |||y0rusy50 ca
101 0 _arus
102 _aRU
105 _aa |||||||||
200 1 _aСтраницы жизни
_e[Сборник]
210 _aМ.
_cБ. и.
_d1996
215 _a227, [1] с.
_cил.
_d29
700 1 _aПодрабинек
_bП.А.
_gПинхос Абрамович
801 0 _aRU
_bNLR
_gpsbo
801 1 _aRU
_bELAR
_2rusmarc
852 _aNLR
_j96-8/856
942 _cBOOK
980 _aNB